Pays ayant les plus hauts gratte-ciel - Statistiques

Statistiques générales
  • Ce quiz a été pris 150 fois
  • Le résultat moyen est 19 sur 26
Statistiques - réponses
Hauteur Nom du gratte-ciel Pays % Correct
632 m Tour Shanghai Chine
99%
541 m One World Trade Center États-Unis
99%
828 m Burj Khalifa Émirats Arabes Unis
98%
355 m First Canadian Place Canada
95%
601 m Makkah Clock Royal Tower Arabie Saoudite
93%
325 m Mori JP Tower Japon
92%
310 m The Shard Royaume-Uni
88%
462 m Lakhta Center Russie
86%
300 m Lusail Plaza Tower Qatar
84%
320 m Palais Royale Inde
82%
305 m Torres Obispado Mexique
81%
555 m Lotte World Tower Corée du Sud
80%
509 m Taipei 101 Taïwan
75%
382 m Autograph Tower Indonésie
74%
322 m Q1 Tower Australie
73%
678 m Merdeka 118 Malaisie
70%
315 m Magnolias Waterfront Residences Thaïlande
69%
330 m Hôtel Ryugyong Corée du Nord
60%
461 m Landmark 81 Viêt Nam
60%
300 m Gran Torre Santiago Chili
58%
412 m Al Hamra Tower Koweït
57%
352 m TCMB Tower Turquie
54%
393 m Iconic Tower Égypte
49%
310 m Varso Tower Pologne
48%
318 m Metrobank Center Philippines
45%
310 m Abu Dhabi Plaza Kazakhstan
25%
Aucun quiz correspondant
Distribution des résultats
% des personnes avec chaque résultat
Percentile par nombre de réponses
Votre historique - résultats
Vous n’avez pas pris ce quiz